Score 0/20 Timer 03:00
1 Play Today
Author Answer % Correct
_____ ShakespeareWilliam
99.5%
_____ ChurchillWinston
96.6%
H.G. _____Wells
93.6%
Oscar _____Wilde
93.4%
Ralph _____ EmersonWaldo
87.7%
E.B. _____White
82.9%
Virginia _____Woolf
77.8%
_____ IrvingWashington
72.9%
Oliver _____ HolmesWendell
69.7%
_____ ScottWalter
69%
Author Answer % Correct
Alice _____Walker
67.8%
Edith _____Wharton
67%
_____ CatherWilla
64.5%
Evelyn _____ Waugh
58.4%
Elie _____Wiesel
57.1%
David Foster _____Wallace
55.8%
Jacob and _____ GrimmWilhelm
45.7%
Richard _____Wright
36.1%
Mary _____Wollstonecraft
23.4%
William _____Wordsworth
20.6%

Today's Daily Dose

Remove Ads.
Support Sporcle.
Get the best of Sporcle when you Go Orange. This ad-free experience offers more features, more stats, and more fun while also helping to support Sporcle. Thank you for becoming a member.

You're not logged in!

Compare scores with friends on all Sporcle quizzes.
OR
Log In

Show Comments

Extras

Top Quizzes Today


Score Distribution

Your Account Isn't Verified!

In order to create a playlist on Sporcle, you need to verify the email address you used during registration. Go to your Sporcle Settings to finish the process.

Report this User

Report this user for behavior that violates our Community Guidelines.

Details: